000 01193cam a2200373 a 4500
999 _c3896
_d3896
001 10899573
003 Nust
005 20180117090019.0
008 140314s2014 enk b 001 0 eng d
020 _a9780745679358 (hardback)
020 _a0745679358 (hardback)
020 _a9780745679365 (pbk.)
020 _a0745679366 (pbk.)
024 _a99959400963
035 _a(OCoLC)876346562
035 _a(OCoLC)ocn876346562
035 _a(NNC)10899573
040 _aCDX
_cCDX
_dYDXCP
_dNhCcYBP
050 4 _aJC337
_b.E38 2014
082 0 4 _a300
_223
100 1 _aEdwards, Michael,
_d1957-
245 1 0 _aCivil society /
_cMichael Edwards.
250 _a3rd ed.
260 _aCambridge ;
_aMalden, MA :
_bPolity Press,
_c2014.
300 _axi, 185 p. ;
_c23 cm.
500 _a1st ed. published in 2004 by Polity Press.
504 _aIncludes bibliographical references and index.
650 0 _aCivil society.
650 0 _aSocial contract.
942 _2ddc
_cBK
948 1 _a20140902
_bc
_csl13
_dMPS